Quizzes
Events
Quiz Creation
Community
Videos
Private Events
Remove Ads
Sign In
Join for FREE
Feedback
Dark Mode
Quiz Categories
Sports
Geography
Music
Movies
Television
Just For Fun
Miscellaneous
History
Literature
Language
Science
Gaming
Entertainment
Religion
Holiday
For Kids
Quiz Lab
Recent
Popular Today
Quiz Kudos Today
Editor Picks
Curator Picks
Quizzes by...
Day
Popularity
Type
Ratings
Length
Year
Community
Subscriptions
Recent Discussions
Orange Saloon
Badges
Playlists
Quests
Create
Leaderboards
Showdown
Live 5
Trivia Bingo
Activity
Puzzle Library
Sporcle Events
Private Events
Virtual Trivia
Globe League
Become a Host
Pub Owners
SporcleCon
Opinionation
Our Games
Videos
Blog
Mobile Apps
Partnerships
Remove Ads and Go Orange
Feedback
Music
Pop Music
The Beatles
Song
Album
Lyrics
Bands
Singers
Artist
Clip
Rock
Rap
Classical
Billboard
Country Music
Kpop
Taylor Swift
Music
Pop Music
The Beatles
Song
Album
Lyrics
Bands
Singers
Artist
Clip
Rock
Rap
Classical
Billboard
Country Music
Kpop
Taylor Swift
Random Quiz
Search Sporcle
×
Quiz Lab
Quiz Lab
Music
Album
Type in answers that appear in a list
Type in answers that appear in a list
Classic
Best Score? Go Orange.
Can you guess the Rock song? Stats
Can you name the Can you guess the Rock song??
By
Peepers
10m
145 Questions
34 Plays
34 Plays
34 Plays
Comments
Comments
Give Quiz Kudos
Give Quiz Kudos
-
- Ratings
hide this ad
Replay
Link that replays current quiz
Next Quiz
Link to next quiz in quiz playlist
You Got
0%
They Got
Avg Score
59%
Avg Friend Score
Upgrade to see
Score Distribution
Jump to the score distribution portion of the page
Score
0/145
Timer
10:00
0
Plays Today
Lyric
% Correct
the
94.1%
a
94.1%
and
94.1%
a
94.1%
the
94.1%
a
94.1%
a
94.1%
and
94.1%
the
94.1%
and
94.1%
the
94.1%
in
82.4%
it
82.4%
you
82.4%
you
82.4%
Is
79.4%
is
79.4%
to
79.4%
to
79.4%
to
79.4%
to
79.4%
to
79.4%
to
79.4%
my
76.5%
my
76.5%
my
76.5%
this
73.5%
this
73.5%
no
73.5%
no
73.5%
go
73.5%
me
73.5%
me
73.5%
this
73.5%
on
73.5%
on
73.5%
go
73.5%
all
70.6%
all
70.6%
all
70.6%
life
67.6%
from
67.6%
life
67.6%
time
67.6%
time
67.6%
time
67.6%
real
64.7%
just
64.7%
your
64.7%
Lyric
% Correct
just
64.7%
just
64.7%
just
64.7%
ive
64.7%
ive
64.7%
up
61.8%
Im
61.8%
boy
61.8%
im
61.8%
come
61.8%
now
61.8%
had
61.8%
now
61.8%
gone
61.8%
if
61.8%
im
61.8%
if
61.8%
has
61.8%
come
61.8%
fantasy
58.8%
reality
58.8%
see
58.8%
little
58.8%
little
58.8%
way
58.8%
man
58.8%
his
58.8%
hes
58.8%
but
58.8%
not
58.8%
caught
55.9%
I
55.9%
because
55.9%
easy
55.9%
easy
55.9%
doesnt
55.9%
I
55.9%
put
55.9%
gun
55.9%
dead
55.9%
away
55.9%
landslide
52.9%
eyes
52.9%
look
52.9%
poor
52.9%
high
52.9%
low
52.9%
any
52.9%
mama
52.9%
Lyric
% Correct
killed
52.9%
head
52.9%
mama
52.9%
mama
52.9%
too
52.9%
open
50%
skies
50%
need
50%
wind
50%
blows
50%
really
50%
matter
50%
against
50%
trigger
50%
begun
50%
as
50%
nothing
50%
really
50%
pull
47.1%
thrown
47.1%
again
47.1%
got
47.1%
got
47.1%
make
44.1%
back
44.1%
carry
44.1%
carry
44.1%
sympathy
41.2%
didnt
41.2%
mean
41.2%
cry
41.2%
matters
38.2%
late
38.2%
down
38.2%
leave
38.2%
behind
38.2%
face
35.3%
shivers
29.4%
spine
29.4%
bodys
29.4%
aching
29.4%
truth
29.4%
sends
26.5%
everybody
23.5%
goodbye
20.6%
tomorow
8.8%
esape
0%
Quiz Playlist
Details
Report
Send in Message
Add To Playlist
Classic:
Type in answers that appear in a list
Last Updated: Feb 16, 2017
Quiz Scoreboard
CHALLENGE
Sign Up to Join the Scoreboard
Show All
Scores
Hide
Comments
May contain spoilers
Recently Published
TV Characters by Other Roles V
by ghcgh
Television
5m
Decade Duel: World Leaders
by jenniferyan
History
4m
Alphabetical 'K' Countries by Flag Minefield
by ylime102
Geography
3m
More to Explore
Quiz From the Vault
Featured Blog Post
15 Basketball Trivia Facts You Can Be March Mad About
hide this ad
You Might Also Like...
Tags
Album Quiz
Queen
Today's Top Quizzes in Music
Browse Music
hide this ad
Today's Top Quizzes in Album
Browse Album
Top Contributed Quizzes in Music
1
Taylor Swift All Songs (2024)
2
Decade Duel: Singer
3
Taylor Swift Logic Puzzle
4
KPOP LOGIC QUIZ
5
Guess The Taylor Swift Lyrics Song #1
6
Guess the Taylor Swift song (Mystery Song)
7
A Taylor Swift Logic Puzzle
8
2 word kpop group match
9
Madness Songs By Image
10
kpop group name match up
Explore More
Trending Topics
Harry Potter
Kpop
Crossword
Anime
Disney
Marvel
NBA
Pokémon
Song
The Office
Soccer
Country
NFL
WWE
Puzzle
hide this ad
More By:
Peepers
Quiz
Plays
Rating
Category
Featured
Created
Guess the company by the slogan
389
1.00
Just For Fun
Aug 30, 2011
Finish the Billy Madison Quote
265
1.00
Movies
Jul 22, 2011
Nickelodeon's Doug Quiz
237
3.00
Television
Aug 11, 2011
Spongebob fan quiz
136
5.00
Television
Aug 12, 2011
Go to Creator's Profile
Score Distribution
Quiz Creator Spotlight
Peepers
Follow
Send a Message
Quizzes Created
-
Created Quiz Play Count
-
More By This Creator
Popular Quizzes Today
1
Countries of Asia Without Outlines Minefield
2
Find the US States - No Outlines Minefield
3
Pick 6: Fruits
4
The Countries of the World
5
Find the Countries of Europe - No Outlines Minefield
6
Alphabetical 'K' Countries by Flag Minefield
7
Find the US States
8
US States
More Music Quizzes
Rock and Roll HoF Artists by Emojis
Curator's Pick
Trending Quizzes
Pick 6: Mountains
Pick 6: Harry Potter
Pick 6: NFL Teams
Pick 6: Flags
C Names for Actors
Recently Updated
Adaptations: Name the Title
pecheneg
NWSL Teams
pecheneg
Women's Final Four Teams by Year
bhenderson79
Presidents Quartet II
eogle
Anything But Clue(do)
eogle
Anything But Oceanian Capitals
eogle
Anything But 7
eogle
Anything But Thing
eogle
Word Ladder: February 29
pecheneg
Song Title Questions
pecheneg
Trending Topics
Marvel
NBA
Anime
Disney
Kpop
Harry Potter
Crossword
WWE
Soccer
Country
Puzzle
Pokémon
NFL
Song
The Office
Your Account Isn't Verified!
In order to create a playlist on Sporcle, you need to verify the email address you used during registration. Go to your
Sporcle Settings
to finish the process.
Report this User
Report this user for behavior that violates our
Community Guidelines
.
Details:
Send Report
Go to the Sporcle.com Mobile Site →
Comments